Honismeret, honszeretet

Elmentve itt :
Bibliográfiai részletek
Szerző: Majoros Tibor
Dokumentumtípus: Cikk
Megjelent: 1978-03-01
Sorozat:Délmagyarország 68 No. 51
Kulcsszavak:Hazafias Népfront
Online Access:http://dmarchiv.bibl.u-szeged.hu/113889
LEADER 00445nab a2200157 i 4500
001 delm113889
005 20190520111941.0
008 190520s1978 hu o 0|| hun d
040 |a SZTE Délmagyarország Archívum  |b hun 
041 |a hun 
100 1 |a Majoros Tibor 
245 1 0 |a Honismeret, honszeretet  |h [elektronikus dokumentum] /  |c  Majoros Tibor 
260 |c 1978-03-01 
300 |a 4 
490 0 |a Délmagyarország  |v 68 No. 51 
695 |a Hazafias Népfront